Acteurs américain #1 - Statistiques

Statistiques générales
  • Ce quiz a été pris 2 202 fois
  • Le résultat moyen est 12 sur 16
Statistiques - réponses
Par images Réponse % Correct
Leonardo DiCaprio
99%
Brad Pitt
96%
Tom Holland
92%
Zendaya
91%
Johnny Depp
90%
Angelina Jolie
88%
Tom Cruise
88%
George Clooney
75%
Tom Hanks
75%
Emma Stone
72%
Natalie Portman
70%
Jennifer Lawrence
61%
Keanu Reeves
60%
Al Pacino
58%
Denzel Washington
57%
Robert De Niro
54%
Aucun quiz correspondant
Distribution des résultats
% des personnes avec chaque résultat
Percentile par nombre de réponses
Votre historique - résultats
Vous n’avez pas pris ce quiz